=LDR 00000nam 2200000 4500 =001 INLIS000000000035939 =005 20130612141746 =008 ***********************************Ind** =035 ##$$0010-061300000035939 =041 ##$$a Ind =082 ##$$a 8x0.12 =090 ##$$a 8x0.12, sas =100 ##$$a Sastrowardojo, Subagio =245 ##$$a Keroncong Motinggo =260 ##$$a 1975 $b Jakarta =300 ##$$a 115 hlm, 22 cm =850 ##$$a NBPNMAT